[Event "47th GER-ch Blitz 2020"]
[Site "Magdeburg"]
[Date "2020.08.15"]
[Round "15.2"]
[White "Wichmann, Cliff"]
[Black "Baskin, Robert"]
[Result "0-1"]
[WhiteElo "2305"]
[BlackElo "2390"]
[Annotator "TA"]
[PlyCount "66"]
[EventDate "2020.07.28"]
[EventType "tourn"]
[EventCountry "GER"]
[SourceTitle "playchess.com"]
[Source "ChessBase"]
[SourceQuality "1"]

{[%evp 18,66,31,6,118,30,101,0,54,54,51,64,97,69,75,81,97,78,77,35,122,0,0,-35,-25,-24,-24,-8,-13,-37,-17,-133,-15,-17,-15,-8,-16,-218,-213,-213,438,-1327,-973,-1252,-571,-558,-404,-1569,-1480,-29959,-12649]} 1. d4 Nf6 2. c4 e6 3. Nf3 d5 4. Nc3 dxc4 5. e4 Bb4 6. Bg5 c5 7. Bxc4 cxd4 8. Nxd4 Bxc3+ 9. bxc3 Qa5 10. Bxf6 {Nb3 is the strong threat.} gxf6 {D39: Queen's Gambit Declined: Ragozin Defence with 5 Bg5 dxc4.} (10... Qxc3+ $11 {remains equal.} 11. Kf1 gxf6) 11. Bb5+ (11. O-O $16) 11... Ke7 (11... Bd7 $11 12. Qb3 O-O) 12. Qb3 ({Only move:} 12. O-O $1 $16) 12... Bd7 ({Black should play} 12... e5 $1 $11 13. Nf5+ Bxf5 14. exf5 Na6) 13. O-O $14 {[#]} Bxb5 $146 ({Predecessor:} 13... Rc8 14. c4 a6 15. Bxd7 Nxd7 16. Rad1 Nc5 17. Qe3 Nd7 18. Qg3 Qc7 19. f4 Qxc4 20. e5 {1-0 (35) Sakaev,K (2645)-Ivanov,S (2561) Moscow 2003}) 14. Nxb5 Nc6 15. a4 {Hoping for Qa3+.} Kf8 16. Rad1 Rd8 17. Nd4 Qb6 18. Qc4 Kg7 (18... Ne5 $14 19. Qe2 Rg8) 19. Rd3 ({Better is} 19. Rb1 $1 $16 {[%cal Rb1b6]} Qc7 20. Qxe6 $1 {[%mdl 512]}) 19... Rhg8 $11 20. Rfd1 Ne5 21. Rg3+ Kh8 22. Qe2 Rxg3 23. hxg3 Qc5 24. Qe3 (24. Nb5 $11 {keeps the balance.} Rxd1+ 25. Qxd1) 24... Rc8 (24... Ng4 $1 $17 {[%cal Rg4e3]} 25. Qf4 Qxc3 26. Qxg4 Rxd4) 25. Qh6 Ng4 26. Qh4 Qg5 27. Qh3 $2 (27. Nb5 $11) 27... Rxc3 $40 {[%mdl 128] Black is out for blood.} 28. Nf3 {[#]} Rc1 $4 {[%mdl 8192] [#]} (28... Qg6 $1 $19 {White must now prevent ...Rc2.} 29. Nh2 Ne5) 29. Re1 $4 {[%mdl 8192]} (29. Qxh7+ $1 $18 {[%mdl 512]} Kxh7 30. Nxg5+ fxg5 31. Rxc1) 29... h5 {Strongly threatening ...Rxe1+.} 30. Kf1 Rxe1+ (30... Qc5 $142 {[%csl Gg4][%cal Rc5f2]} 31. Qxh5+ Qxh5 32. Rxc1 Qh1+ 33. Ng1 Nh2+ 34. Ke2 Qxg2) 31. Nxe1 Kg7 32. Ke2 (32. f3 $142 Ne3+ 33. Ke2) 32... Qc5 33. Nd3 Qc2+ {[%mdl 64] Double Attack. Accuracy: White = 31%, Black = 40%.} 0-1

[Event "47th GER-ch Blitz 2020"]
[Site "Magdeburg"]
[Date "2020.08.15"]
[Round "15.3"]
[White "Zelbel, Patrick"]
[Black "Ehmann, Thilo"]
[Result "1/2-1/2"]
[WhiteElo "2448"]
[BlackElo "2329"]
[Annotator "TA"]
[PlyCount "45"]
[EventDate "2020.07.28"]
[EventType "tourn"]
[EventCountry "GER"]
[SourceTitle "playchess.com"]
[Source "ChessBase"]
[SourceQuality "1"]

{[%evp 9,45,11,7,10,8,0,0,0,13,8,38,30,73,70,64,42,40,33,68,0,33,30,44,25,30,16,22,0,4,3,14,8,28,2,6,0,6,6]} 1. e4 c5 2. Nf3 d6 3. Nc3 Nf6 4. e5 dxe5 5. Nxe5 a6 6. g3 {B50: Sicilian: 2...d6, Miscellaneous.} Nbd7 7. d4 e6 8. Be3 cxd4 9. Bxd4 {[#]} Be7 $146 ({Predecessor:} 9... Qc7 10. Qe2 Bc5 11. Bxc5 Qxc5 12. Nd3 Qc6 13. Rg1 O-O 14. Bg2 Qc7 15. O-O-O Rb8 {1-0 (44) Nihal,S (2620)-Hong,A (2444) chess.com INT 2020}) 10. Bg2 Qc7 11. Qe2 Bc5 12. Bxc5 Qxc5 13. Nc4 Nb6 14. Ne5 (14. Qe3 $14 Qxe3+ 15. Nxe3) 14... O-O 15. O-O Nbd5 16. Nxd5 exd5 17. Nd3 Qb6 18. c3 Bf5 19. Nf4 Be4 20. Rad1 Rad8 21. Rfe1 Bxg2 22. Kxg2 d4 23. cxd4 {Accuracy: White = 84%, Black = 75%.} 1/2-1/2

[Event "47th GER-ch Blitz 2020"]
[Site "Magdeburg"]
[Date "2020.08.15"]
[Round "15.4"]
[White "Dobrikov, Marco"]
[Black "Braun, Georg"]
[Result "0-1"]
[WhiteElo "2290"]
[BlackElo "2360"]
[Annotator "TA"]
[PlyCount "88"]
[EventDate "2020.07.28"]
[EventType "tourn"]
[EventCountry "GER"]
[SourceTitle "playchess.com"]
[Source "ChessBase"]
[SourceQuality "1"]

{[%evp 12,88,37,17,38,31,37,18,10,-77,-81,-69,-77,-74,90,100,91,103,112,95,84,55,75,62,161,162,156,163,139,129,133,144,199,185,373,177,179,171,161,121,119,124,130,121,131,129,116,104,131,-7,0,0,0,-200,-185,-158,-80,-91,-77,-547,-524,-896,-816,-1851,-1171,-29964,-29965,-29968,-29965,-29964,-29968,-29970,-29972,-29986,-29987,-29987,-29988,-29989,-29990]} 1. e4 c6 2. Nc3 d5 3. Nf3 Bg4 4. h3 Bxf3 5. Qxf3 e6 6. d3 Nf6 7. Bd2 Nbd7 {B11: Caro-Kann: Two Knights Variation.} 8. O-O-O Bb4 9. g4 d4 {The position is equal.} 10. Ne2 (10. Nb1 $1 $11 {keeps the balance.} Bd6 11. g5) 10... Bxd2+ $17 11. Rxd2 Qa5 12. a3 {[#]} h6 $146 (12... c5 $1 $17 {stays on course.}) ({Predecessor:} 12... h5 13. Nxd4 Ne5 14. Qg2 hxg4 15. hxg4 O-O-O 16. Rxh8 Rxh8 17. Nb3 Qd8 18. Qg3 Rh1 {1-0 (79) Gu,T (2231)-Mendoza,S (2165) Makati 2018}) 13. Nxd4 $16 c5 14. Nb3 Qc7 15. Qe3 b5 16. Bg2 {And now e5 would win.} Rc8 17. f4 e5 ({Better is} 17... c4 $14) 18. fxe5 $18 Qxe5 19. d4 cxd4 20. Nxd4 O-O 21. Nf5 Nc5 (21... Rc7 $16 {was necessary.} 22. g5 hxg5) 22. g5 Nfxe4 $2 {[#]} (22... Rfe8) 23. Bxe4 (23. Rd5 $142 $1 {[%mdl 512]} Qe6 (23... Qxd5 24. Ne7+) 24. Bxe4 (24. gxh6 g6 $14) 24... Qxe4 25. Qxe4 Nxe4 26. Ne7+ {[%mdl 64] Double Attack} (26. Rxb5 Rc7 $16) 26... Kh7 27. Nxc8 Rxc8 28. gxh6) 23... Qxe4 24. Qxe4 Nxe4 25. Ne7+ (25. gxh6 Nxd2 26. Ne7+ Kh7 $11) 25... Kh7 26. Nxc8 Nxd2 27. Nxa7 $16 {[%mdl 4096] Endgame KRN-KRN} ({Reject} 27. Kxd2 $6 Rd8+ 28. Kc1 Rxc8 $11) 27... Ne4 28. gxh6 b4 29. hxg7 ({But not} 29. axb4 $6 Ra8 $11) 29... Kxg7 30. axb4 (30. Rg1+ $16 Kf6 31. Re1 (31. axb4 Ra8 $11)) 30... Ra8 $11 31. Re1 f5 32. b3 $2 (32. Rxe4 $11 fxe4 33. Nc6) 32... Rxa7 $19 {KRN-KR} 33. Kb2 {[#]} Kf6 ({Black should play} 33... Rb7 $1 34. c4 Rxb4) 34. b5 Ke5 {Hoping for ...f4.} 35. h4 $2 {[%mdl 8192] This move loses the game for White.} (35. c4 $17 {nothing else works.}) 35... f4 36. h5 f3 37. h6 f2 38. Rf1 Rh7 {Black mates.} 39. c4 Kd4 40. Ka3 Rxh6 41. Kb4 Rf6 42. Ka5 {[#]} Nd2 $1 43. Rxf2 Rxf2 44. b6 Nxb3+ {Accuracy: White = 48%, Black = 73%.} 0-1

[Event "47th GER-ch Blitz 2020"]
[Site "Magdeburg"]
[Date "2020.08.15"]
[Round "15.5"]
[White "Frischmann, Rick"]
[Black "Siebrecht, Sebastian"]
[Result "1-0"]
[WhiteElo "2347"]
[BlackElo "2429"]
[Annotator "RC"]
[PlyCount "53"]
[EventDate "2020.07.28"]
[EventType "tourn"]
[EventCountry "GER"]
[SourceTitle "playchess.com"]
[Source "ChessBase"]
[SourceQuality "1"]
[TimeControl "180+2"]

1. e4 {[%emt 0:00:00]} c5 {[%emt 0:00:00]} 2. Nf3 e6 3. d4 {[%emt 0:00:02]} cxd4 {[%emt 0:00:00]} 4. Nxd4 a6 5. c4 {[%emt 0:00:02]} Qc7 {[%emt 0:00:00]} 6. a3 {[%emt 0:00:05]} Nf6 {[%emt 0:00:01]} 7. Nc3 g6 8. Be2 {[%emt 0:00:16]} Bg7 {[%emt 0:00:02]} 9. Be3 {[%emt 0:00:01]} O-O {[%emt 0:00:01]} 10. O-O d6 11. Rc1 {[%emt 0:00:08]} Nbd7 {[%emt 0:00:02]} 12. b4 {[%emt 0:00:07]} b6 {[%emt 0:00:00]} 13. f3 {[%emt 0:00:04]} Bb7 {[%emt 0:00:01]} 14. Qd2 {[%emt 0:00:00]} Rfe8 {[%emt 0:00:01]} 15. Rfd1 {[%emt 0:00:03]} Rac8 {[%emt 0:00:01]} 16. Nb3 {[%emt 0:00:06]} Qb8 {[%emt 0:00:01]} 17. Qxd6 {[%emt 0:00:18]} Qa8 {[%emt 0:00:04]} 18. Na4 {[%emt 0:00:17]} Rcd8 {[%emt 0:01:22]} 19. Nxb6 {[%emt 0:00:12]} Nxb6 {[%emt 0:00:01]} 20. Qxb6 {[%emt 0:00:01]} Rxd1+ {[%emt 0:00:08]} 21. Rxd1 {[%emt 0:00:01]} Nxe4 {[%emt 0:00:01]} 22. fxe4 {[%emt 0:00:10]} Bxe4 {[%emt 0:00:01]} 23. Qa7 {[%emt 0:00:45]} Qc6 {[%emt 0:00:52]} 24. Qd7 {[%emt 0:00:06]} Qa8 {[%emt 0:00:05]} 25. Qa7 {[%emt 0:00:04]} Qc6 {[%emt 0:00:01]} 26. Na5 {[%emt 0:00:02]} Qa4 {[%emt 0:00:01]} 27. Qd7 {[%emt 0:00:02]} 1-0

[Event "47th GER-ch Blitz 2020"]
[Site "Magdeburg"]
[Date "2020.08.15"]
[Round "15.6"]
[White "Meier, Georg"]
[Black "Langrock, Hannes"]
[Result "1-0"]
[WhiteElo "2621"]
[BlackElo "2346"]
[Annotator "TA"]
[PlyCount "129"]
[EventDate "2020.07.28"]
[EventType "tourn"]
[EventCountry "GER"]
[SourceTitle "playchess.com"]
[Source "ChessBase"]
[SourceQuality "1"]

{[%evp 12,129,22,20,21,17,30,39,42,10,19,14,14,0,11,-1,16,-10,27,-23,0,8,0,-53,-33,-96,0,-91,-89,-134,-66,-42,0,0,0,0,14,-16,-21,-62,-74,-46,0,-18,88,86,97,0,29,-74,-60,-62,0,-56,-50,-123,266,259,388,386,395,386,368,229,361,269,261,231,322,0,0,0,0,0,0,0,0,0,0,0,0,0,0,0,0,-8,0,-8,-8,-57,0,0,0,0,8,0,0,0,80,0,8,8,324,356,255,137,754,721,929,750,2231,2175,2042,1901,29982,29983,29987,29988,29985,29986]} 1. Nf3 f5 2. c4 Nf6 3. d4 g6 4. Nc3 Bg7 5. e3 O-O 6. Be2 d6 7. O-O a5 {A85: Dutch Defence: 2 c4 Nf6 3 Nc3.} 8. b3 Na6 9. Bb2 Qe8 {White is slightly better.} 10. d5 e5 11. dxe6 {[#]} Bxe6 $146 ({Predecessor:} 11... Ne4 12. Nd4 Nxc3 13. Bxc3 Nc5 14. Bf3 c6 15. Qd2 a4 16. Rfd1 axb3 17. axb3 Rxa1 18. Bxa1 Bxe6 {½-½ (42) Meier,G (2547)-Langrock,H (2285) Playchess.com INT 2020}) 12. Nd4 Bf7 13. Bf3 Nc5 14. Rc1 Nfe4 15. Nd5 (15. Ndb5 $5 {[%cal Rb5c7]} Qe7 16. Nd5 Bxd5 17. Bxg7 Kxg7 18. cxd5 $11) 15... Qd7 16. Rc2 Rae8 17. Qb1 (17. Bxe4 $11 fxe4 18. Ne2) 17... c6 18. Nf4 (18. Nc3 $15) 18... Be5 (18... g5 $17 19. Nh5 Be5) 19. g3 (19. Be2 $11) 19... g5 $17 20. Nfe2 Bg6 (20... Nd3 $17 21. Bg2 Bg7) 21. Qd1 $1 $15 f4 (21... Bg7 $15) 22. exf4 $1 $11 gxf4 23. Nxf4 Bxf4 24. gxf4 (24. Bg4 $5 {[%cal Rg4d7]} Qc7 25. gxf4 Rxf4 26. f3 $11) 24... Rxf4 25. Bg2 Ng5 $1 $36 {[%cal Rg5h3][%mdl 2048] Hoping for ...Nh3+. Black has strong initiative.} 26. Rd2 Ref8 27. f3 Nh3+ (27... Qf7 $1 $11 {keeps the balance.}) 28. Kh1 $1 $16 {Ne2 is the strong threat.} Ng5 29. Qe1 (29. Re1 $1 $16) 29... Nd3 30. Qe3 (30. Qg3 $11 {remains equal.} Ne4 31. fxe4 Rxf1+ 32. Bxf1 Rxf1+ 33. Kg2) 30... Nxb2 31. Rxb2 Qf7 (31... Qg7 $15 32. Ne2 R4f5) 32. Re2 (32. Ne2 $11 Rf5 33. Ng3) 32... Qf6 $15 33. Rd1 (33. Ne6 $1 $15 Qxe6 34. Qxe6+ Nxe6 35. Rxe6) 33... Nf7 $2 {[%mdl 8192]} (33... Rh4 $17 34. Kg1 Bh5) 34. Ne6 $18 {[%mdl 64] Double Attack} Re8 (34... Re4 $142 35. fxe4 Qxe6) 35. Qxf4 Rxe6 36. Qxf6 Rxf6 37. Kg1 Bh5 (37... Kf8 {was called for.} 38. Rd4 h5) 38. Re3 Kf8 39. Rd4 Ne5 {[#]} 40. Kf2 $2 ({White should try} 40. c5 $1 $18 Nf7 (40... dxc5 41. Rd8+) 41. cxd6 Nxd6 42. Re5) 40... Ng4+ $1 $11 41. Rxg4 Bxg4 {[%mdl 4096] Endgame KRB-KRB} 42. a3 Bd7 43. Bf1 Bf5 44. b4 axb4 45. axb4 Re6 46. Ra3 Kg7 47. Ra7 Re7 48. Bg2 Kf6 49. f4 Bd3 50. c5 (50. b5 $5) 50... dxc5 (50... d5 $1 $15) 51. bxc5 Bb5 52. Bh3 Rc7 53. Ke3 Re7+ 54. Kd4 Rc7 (54... h6 $11) 55. Bg4 ({Better is} 55. Ra3 $16) 55... h6 56. Ra8 {And now Rd8 would win.} Ba6 $2 {[%mdl 8192]} (56... h5 $11 {and Black stays safe.} 57. Bxh5 Rd7+ 58. Ke3 Re7+ 59. Kf2 Rh7 60. Rf8+ Ke6 61. Re8+ Kf5 62. Rf8+ Ke6 63. Bg4+ Ke7) 57. Rf8+ $18 Kg7 {[#]} 58. Rd8 (58. Re8 $1 $18) 58... Kf6 $2 {[%mdl 8192]} (58... Re7 $16 59. Rd6 Re1) 59. Rd6+ Kg7 60. Bd7 Kf7 61. f5 Be2 62. Ke5 Bf3 63. Be6+ {White mates.} Ke7 64. f6+ Ke8 65. f7+ {Accuracy: White = 59%, Black = 47%.} 1-0

[Event "47th GER-ch Blitz 2020"]
[Site "Magdeburg"]
[Date "2020.08.15"]
[Round "15.7"]
[White "Koch, Thomas"]
[Black "Holtel, Jasper"]
[Result "1-0"]
[WhiteElo "2461"]
[BlackElo "2305"]
[Annotator "TA"]
[PlyCount "75"]
[EventDate "2020.07.28"]
[EventType "tourn"]
[EventCountry "GER"]
[SourceTitle "playchess.com"]
[Source "ChessBase"]
[SourceQuality "1"]

{[%evp 24,75,36,0,11,13,7,17,51,35,72,72,51,66,68,75,70,72,68,49,63,0,76,76,109,114,431,439,433,437,622,616,665,653,700,705,700,707,1141,1134,1183,1157,1080,859,847,754,955,940,1253,1247,1324,1318,1298,1301]} 1. d4 Nf6 2. c4 g6 3. Nc3 d5 4. cxd5 Nxd5 5. e4 Nxc3 6. bxc3 Bg7 7. Bc4 c5 8. Ne2 O-O 9. O-O Nc6 10. Be3 Bg4 11. f3 Bd7 12. Rc1 Rc8 13. Qd2 Qa5 {D87: Exchange Grünfeld: Classical Line: Variations without ...cxd4.} 14. Qb2 b6 15. Rfd1 {[#]} cxd4 $146 {The position is equal.} ({Predecessor:} 15... Rfd8 16. e5 Be8 17. f4 e6 18. Ng3 Ne7 19. Ne4 Nf5 {0-1 (36) Pavalachandran,A (1678)-Dhyana,P (1995) Mumbai 2019}) 16. cxd4 {[%cal Bc3d4,Bd4d5][%mdl 32]} Qb4 17. Qxb4 Nxb4 18. a3 Nc6 $1 19. Ba6 Rcd8 20. d5 Nb8 21. Bb7 Bb2 22. Rc7 (22. Rb1 $14 Be5 23. Bd4) 22... Bxa3 (22... Be5 $11 {remains equal.} 23. Rcc1 Bc8 24. Bxc8 Rxc8) 23. e5 $16 Bb5 24. Nc3 $36 {[%mdl 2048] Black is under strong pressure.} Rd7 $2 {[%mdl 8192] [#] A mistake that costs the game.} (24... Ba6 $16) 25. Nxb5 $18 {White is clearly winning.} Rxc7 26. Nxc7 Bb2 (26... Nd7 $142 27. Ra1 Bb2) 27. f4 Nd7 28. Rb1 Bc3 29. Nb5 Ba5 30. Nxa7 Rb8 31. Bc8 Nf8 32. Nc6 {[%mdl 64] [#] Double Attack} Ra8 33. Bb7 Re8 34. Bxb6 Bd2 35. g3 Nd7 36. Bd4 g5 37. Rd1 gxf4 38. Rxd2 {Accuracy: White = 88%, Black = 36%.} 1-0

[Event "47th GER-ch Blitz 2020"]
[Site "Magdeburg"]
[Date "2020.08.15"]
[Round "15.8"]
[White "Svane, Rasmus"]
[Black "Voege, Tobias"]
[Result "1/2-1/2"]
[WhiteElo "2613"]
[BlackElo "2326"]
[Annotator "TA"]
[PlyCount "158"]
[EventDate "2020.07.28"]
[EventType "tourn"]
[EventCountry "GER"]
[SourceTitle "playchess.com"]
[Source "ChessBase"]
[SourceQuality "1"]

{[%evp 18,158,52,45,70,46,46,19,11,4,22,22,22,39,22,0,0,-7,-4,-14,-5,-107,-128,-108,-107,-203,-89,-102,-93,-91,-84,-90,-87,-94,-77,-569,-573,-649,-658,-657,-643,-589,-573,-573,-573,-573,-573,-573,-558,-566,-566,-540,-396,-432,-402,-563,-566,-534,-554,-555,-556,-558,-541,-514,-502,-439,-383,-3304,-2667,-1780,-1456,-12834,-12832,-12833,0,-12834,-12834,-12834,-12834,-12829,-1758,-12833,-12834,-12836,-12830,-12829,-12829,-12831,-126,-126,-126,-12833,-12833,-12833,-12833,-12833,-12833,-12833,-12834,-12836,-12836,-12837,-12834,-12834,-12833,-12839,-12839,-29995,-12837,-12837,0,-29995,-12839,-29991,12843,-12845,-12839,-29995,-29992,-29996,-12839,-29992,-12837,-29996,-12837,-29991,0,-29996,-12838,-29991,-1553,-914,-112,-12847,0,-12847,-12847,-12850,0,-12850,0,0,27983]} 1. Nf3 c5 2. c4 g6 3. d4 cxd4 4. Nxd4 Bg7 5. e4 Nc6 6. Be3 Nf6 7. Nc3 O-O 8. Be2 d6 9. O-O Nxd4 10. Bxd4 a5 {B38: Sicilian: Maroczy Bind with 5...Bg7 and 7...0-0.} 11. Qd2 Bd7 12. c5 {[#]} dxc5 $146 ({Predecessor:} 12... e5 13. Be3 dxc5 14. Bxc5 Re8 15. Qe3 Bc6 16. Rfd1 Qc8 17. Rac1 Rd8 18. Bb6 Rxd1+ 19. Rxd1 {½-½ (45) Hartman,B (2230)-Taylor,G Ottawa 1984}) 13. Bxc5 Bc6 14. Qe3 Nd7 15. Rfd1 Re8 16. a4 Qc7 17. Ba3 Qb6 18. Qg3 Nc5 19. Qe3 (19. Bb5 $11 {keeps the balance.}) 19... Nxa4 $17 {And now ...Qxe3 would win.} 20. Qxb6 Nxb6 21. Bc5 {[#]} (21. Nb5 $17 {was worth a try.}) 21... Nd7 (21... Bxc3 $1 $19 22. Bxb6 Bxb2 23. Rxa5 Rxa5 24. Bxa5 Bxe4) 22. Bd4 Bxd4 23. Rxd4 e6 24. Bb5 {aiming for Bxc6.} Bxb5 25. Nxb5 Nc5 {Strongly threatening ...Nb3.} 26. f3 $2 {[%mdl 8192]} (26. Rad1 $17 {is more resistant.} Rec8 27. Nd6) 26... Nb3 $1 $19 {[%csl LRa1,LRd4][%mdl 64] Double Attack} 27. Rad1 Nxd4 28. Rxd4 {[%mdl 4096] Endgame KRR-KRN} Red8 29. Nd6 e5 30. Rd5 Ra6 31. Nxb7 Rxd5 32. exd5 {Threatens to win with d6. KR-KN} Rb6 33. Nxa5 Rxb2 34. Nc4 Rb1+ 35. Kf2 Rd1 36. Nxe5 (36. Ne3 $142 Rd2+ 37. Ke1) 36... Rxd5 37. Nc4 Kg7 38. Ke2 Rd4 39. Ne3 Ra4 40. Kf2 f5 41. Nd5 Ra3 42. f4 $2 (42. Nf4) 42... Kf7 43. Ne3 Ke6 44. h4 Rd3 45. Ke2 Ra3 46. Kf2 $1 Rb3 47. Ke2 Rb4 48. Kf3 Re4 (48... Rb2 $142 49. Kg3 h5) 49. g3 h5 50. Nd1 Kd6 51. Nf2 Rd4 52. Ke3 Kc5 $2 (52... Kd5 $19 {has better winning chances.} 53. Nh3 Ra4) 53. Nd3+ $17 Kd5 {Hoping for ...Ra4.} 54. Nf2 $2 {[%mdl 8192]} (54. Ne5 $17) 54... Kc4 55. Kf3 Kc3 56. Ke3 Rd7 57. Nh3 Re7+ 58. Kf3 Kd2 59. Ng5 Kd3 60. Kf2 Re2+ 61. Kg1 Ke3 62. Nf3 Ke4 (62... Kxf3 $142 63. g4 fxg4 64. f5 g3 65. Kf1 gxf5 66. Kg1 Re1#) 63. Ng5+ $19 Ke3 (63... Kd3 $19 64. Nf3 Rb2 65. Ne5+ Ke4) 64. Nf3 $1 Ra2 (64... Kxf3 $142 65. Kf1 Re4 66. g4 Kg3 67. g5 Re8 68. Kg1 Re1#) 65. Kf1 Rh2 $4 {[%mdl 8192]} (65... Rf2+ {avoids the disaster.} 66. Ke1 Rxf3 67. Kd1 Rxg3 68. Kc2 Ke2 69. Kb1 Kd2 70. Kb2 Rh3 71. Ka1 Kc2 72. Ka2 Kc1 73. Ka1 Ra3#) 66. Kg1 $4 {[%mdl 8192]} (66. Nxh2 $18 Ke4 67. Kf2) 66... Re2 67. Kf1 Rf2+ 68. Kg1 Rc2 (68... Kxf3 $142 69. g4 Kg3 70. g5 Rxf4 71. Kh1 Rf1#) 69. Kf1 Ke4 (69... Kxf3 $142 70. Ke1 Ke3 71. Kf1 Ra2 72. g4 hxg4 73. h5 gxh5 74. Kg1 Kf3 75. Kh1 g3 76. Kg1 Ra1#) 70. Kg1 Rc3 (70... Kxf3 $142 71. g4 hxg4 72. Kh1 g3 73. Kg1 Rc1#) 71. Kf2 Rc2+ 72. Kg1 $1 Ra2 (72... Kxf3 $142 73. g4 hxg4 74. Kh1 g3 75. Kg1 Rc1#) 73. Kf1 Ra6 (73... Kxf3 $142 74. Ke1 Kxg3 75. Kd1 Kxh4 76. Ke1 Kg3 77. Kd1 Rg2 78. Ke1 h4 79. Kf1 h3 80. Ke1 h2 81. Kf1 h1=Q#) 74. Kf2 g5 $2 (74... Ra3 $19 {and Black stays clearly on top.} 75. Ng5+ Kd4) 75. hxg5 $2 {[%mdl 8192]} (75. Nxg5+ $17 Kd5 76. Kg2) 75... h4 $2 (75... Ra2+ $19 76. Nd2+ Rxd2+ 77. Kf1 Kf3 78. Ke1 Rd6 79. g6 Rxg6 80. Kd2 Kxg3 81. Kc2 h4 82. Kb2 h3 83. Kc3 h2 84. Kb4 h1=Q 85. Kc5 Rc6+ 86. Kb5 Qe4 87. Ka5 Qb1 88. Ka4 Ra6#) 76. g6 $2 {[%mdl 8192]} (76. Nxh4 $11 Ra2+ 77. Kf1) 76... hxg3+ 77. Kxg3 Ra3 $2 ({Black should play} 77... Rxg6+ $19 78. Kf2 Kxf4) 78. Kh4 $2 {[%mdl 8192]} (78. g7 $11 Ra8 79. Ng5+ Kd5 80. Kh4) 78... Kxf4 $4 {[%mdl 8192]} (78... Rxf3 $19 79. Kg5 Rxf4 80. Kf6 Rg4 81. g7 f4 82. g8=R Rxg8 83. Kf7 Ra8 84. Kf6 f3 85. Ke6 f2 86. Kd6 f1=Q 87. Kc6 Ra6+ 88. Kc7 Qf7+ 89. Kb8 Qh7 90. Kc8 Ra8#) 79. g7 Kxf3 $2 {[%mdl 40960] White used his chance. Accuracy: White = 46%, Black = 57%. . An unexpected result.} (79... Ra8 $11 80. Ng5 Ke5 81. Nf7+ {[#]} Kf6 $1 {[%mdl 512]}) 1/2-1/2

[Event "47th GER-ch Blitz 2020"]
[Site "Magdeburg"]
[Date "2020.08.15"]
[Round "15.9"]
[White "Reichmann, Hendrik"]
[Black "Weller, Manuel"]
[Result "1/2-1/2"]
[WhiteElo "2348"]
[BlackElo "2237"]
[Annotator "TA"]
[PlyCount "50"]
[EventDate "2020.07.28"]
[EventType "tourn"]
[EventCountry "GER"]
[SourceTitle "playchess.com"]
[Source "ChessBase"]
[SourceQuality "1"]

{[%evp 9,50,31,42,27,36,38,34,35,37,35,45,43,31,42,34,37,78,18,77,-12,0,-6,0,-73,0,0,0,0,2,0,83,0,0,0,0,0,0,0,0,-3,0,-6,0]} 1. d4 d5 2. Bf4 Nc6 3. e3 Nf6 4. c4 e6 5. Nc3 Bd6 6. Bg3 {D00: 1 d4 d5: Unusual lines.} a6 7. Nf3 O-O 8. Ne5 {White is slightly better.} Ne7 9. c5 Bxe5 $1 10. Bxe5 {[#]} Nd7 $146 ({Predecessor:} 10... Nc6 11. Bg3 Ne7 12. Bd3 Ng6 13. h4 Ne7 14. h5 h6 15. f4 Nd7 16. Bh4 f5 {½-½ (48) Shajakhmetov,L (2113)-Tubakin,L (1981) Zelenograd 2015}) 11. Bg3 Nf5 12. Bd3 {Hoping for Bxf5.} c6 13. b4 (13. Qc2 $16) 13... g6 (13... Nxg3 $11 {remains equal.} 14. hxg3 (14. Bxh7+ Kxh7 15. hxg3+ Kg6 $17) 14... g6) 14. a4 (14. Bxf5 $16 exf5 15. O-O) 14... Nxg3 $11 15. hxg3 e5 16. dxe5 {[#]} (16. Be2 $11) 16... Nxe5 (16... a5 $1 $17 17. b5 Nxc5) 17. Be2 Re8 18. Qd4 Qe7 19. O-O h5 (19... Rd8 $11) 20. b5 ({White should try} 20. e4 $16) 20... axb5 {The position is equal.} 21. axb5 Bg4 22. Bxg4 hxg4 23. Rxa8 Rxa8 24. bxc6 bxc6 25. e4 dxe4 {Accuracy: White = 72%, Black = 75%.} 1/2-1/2